[Event "Welsh Seniors Ch"]
[Site "?"]
[Date "2018.09.29"]
[Round "3"]
[White "Bevan, Peter"]
[Black "Williams, David J"]
[Result "1/2-1/2"]
[WhiteElo "1886"]
[BlackElo "1517"]
[Annotator "kemen"]
[PlyCount "99"]
[EventDate "2018.10.03"]

1. Nf3 c5 2. b3 d5 3. g3 Nc6 4. Bb2 Bg4 5. Bg2 e6 6. d3 Nf6 7. O-O Be7 8. Nbd2
O-O 9. c4 Qc7 (9... d4) 10. a3 (10. cxd5 exd5 11. d4 Rad8 12. Re1 Ne4 13. a3
Bf6 14. h3 Bf5 15. Rc1 {Vajda-Tusu, Centrocoop Sept Op, Eforie Nord 1998,1-0})
10... Rac8 11. h3 Bh5 12. cxd5 exd5 13. d4 cxd4 14. Nxd4 Nxd4 15. Bxd4 Qc2 (
15... Bg6 $11) 16. g4 (16. Bxa7 $14) 16... Bg6 17. b4 Qxd1 18. Rfxd1 Rc2 (18...
b6) 19. Bxa7 (19. Nf1 Rxe2 20. Ne3 $16 {Komodo12}) 19... Rfc8 (19... h5) 20. e3
R8c3 21. f4 {weakens the K side in the long run} (21. Nf3 Ne4 22. Rxd5 Rxf2 23.
Re5 Kf8 24. Ne1 Bf6 25. Bxe4 Bxe5 26. Bxg6 Rf6 27. Be4 $16 {Komodo12}) 21...
Bd3 22. Bd4 Rc8 23. Bf1 (23. Nb3 Be4 24. Bf1 h5 25. g5 Ne8 26. Nc5 Nd6 27. Nxe4
dxe4 28. Bg2 $16 {Komodo12}) 23... Bxf1 24. Kxf1 Ne4 25. Nxe4 dxe4 26. g5 (26.
Kg1 $14) 26... h6 (26... Rh2 27. Kg1 Rcc2 28. Rac1 Rcg2+ $11 {Komodo12}) 27.
gxh6 gxh6 28. Bc5 (28. Kg1 $11) 28... Bxc5 29. bxc5 R8xc5 $15 30. Rd4 Rh5 31.
Rxe4 Rxh3 32. Kg1 Rhh2 33. Rb4 Rhg2+ (33... h5 34. Rb5 Rcg2+ 35. Kf1 h4 36. Rh5
Rg3 37. Rd1 h3 38. Rd8+ Kg7 39. Rg5+ Rxg5 40. fxg5 Rh1+ 41. Kf2 Re1 42. Kg3
Rxe3+ 43. Kh2 Rxa3 $19) 34. Kh1 h5 35. Rg1 Rxg1+ 36. Kxg1 Rc3 37. e4 (37. Kf2
Rxa3 38. Rxb7 $11) 37... Rxa3 38. Rxb7 Ra4 39. Rb5 Rxe4 40. Rxh5 Rxf4 $11 41.
Kg2 Kg7 42. Kg3 Rf6 43. Ra5 Rf1 44. Kg4 Kg6 45. Ra6+ f6 46. Rb6 Rg1+ 47. Kf4
Rg5 48. Ra6 Rf5+ 49. Kg4 Rf1 50. Rb6 1/2-1/2

[Event "Welsh Seniors Ch"]
[Site "?"]
[Date "2018.09.29"]
[Round "3"]
[White "Penny, Liam"]
[Black "O'Rourke, Kevin"]
[Result "1-0"]
[WhiteElo "1664"]
[BlackElo "1264"]
[Annotator "kemen"]
[PlyCount "111"]
[EventDate "2018.10.03"]

1. d4 d5 2. Nf3 Nf6 3. e3 a6 4. Nbd2 e6 5. Bd3 Nc6 {blocking the c pawn in d4
openinmgs means it becomes difficult to challenge the centre} (5... c5 {main})
6. c3 Bd6 (6... Bd7 7. O-O Na7 8. Qe2 Nb5 9. e4 h6 10. e5 Nh7 11. Bxh7 Rxh7 12.
Qd3 Rh8 13. Re1 Na7 14. Nf1 Bb5 {Beryl Hughes-O'Rourke, WLS ch Seniors ,
Newport 2015,0-1}) 7. O-O Bd7 (7... O-O {main}) 8. Qe2 (8. e4) 8... Na7 (8...
g6 9. e4 dxe4 10. Nxe4 Nxe4 11. Bxe4 Qe7 12. c4 Qf6 13. Rd1 Rb8 14. a4 Bf4 15.
Bxf4 Qxf4 16. d5 Ne7 {Kareem-Jwan, Thessaloniki ol w 1984,1/2-1/2}) (8... Qe7
9. e4 e5 10. Re1 Bg4 11. exd5 Nxd5 12. Ne4 O-O-O 13. Nxd6+ Qxd6 14. h3 Bh5 15.
Bf5+ Kb8 16. dxe5 Bxf3 17. exd6 Bxe2 18. dxc7+ Nxc7 19. Rxe2 Rd1+ 20. Kh2 g6
21. Bc2 Rf1 22. Rb1 Re8 23. Rxe8+ Nxe8 24. Bf4+ {Solinas-Minelli, Mirandello
Giovanni Pico op 2011,1-0}) 9. e4 $16 Bb5 $2 (9... dxe4 10. Nxe4 Nxe4 11. Bxe4
Nc6 12. Re1 $16 {Wh has extra space}) 10. Bxb5+ Nxb5 11. e5 $18 Ne4 (11... O-O)
12. exd6 Nexd6 13. c4 dxc4 14. d5 (14. a4 c3 15. Nb3 cxb2 16. Bxb2 Na7 17. d5
O-O 18. dxe6 $18 {Komodo12}) 14... Qe7 15. dxe6 O-O-O 16. Nxc4 (16. a4) 16...
Nf5 17. Bg5 f6 18. Bf4 g5 19. Bg3 h5 20. h4 g4 21. Nfd2 Nbd4 22. Qe4 {as so
often, the player behind in material usually gets a bit of activity for it,
but, in the long run, Wh is a piece up which will make its presence felt} Rde8
(22... Rhe8 {the other R can best stay on the d file}) 23. Rac1 Nxg3 (23...
Qxe6) 24. fxg3 Qc5 25. Kh2 (25. b4 $1 {gains Wh more material, as the N on d4
was left by the R shifting from d8 to e8}) 25... Rxe6 26. Qf4 (26. Nb3 Rxe4 27.
Nxc5 Re2 28. Rxf6 $18) 26... Ne2 27. Nd6+ $6 {a miscalculation by Wh} (27. Nb3
$1 {and Wh has retained his extra piece while simplifying the position} Qc6 28.
Qf5 Nxc1 29. Rxc1 Kb8 30. Nd4 Qe4 31. Qxe6 Qxd4 32. Rf1) 27... Qxd6 $1 28. Qxd6
Rxd6 {and Bl has regained the piece with a superior position} 29. Rc2 (29. Nc4
Nxc1 30. Nxd6+ cxd6 31. Rxc1+ Kd7 $17) 29... Rhd8 {brings the other R into
play, again leaves the poor N adrift} (29... Nd4 30. Rc5 b6 31. Rc4 Re8 $17 {
Komodo12}) 30. Ne4 $16 Nd4 31. Nxd6+ Rxd6 32. Rc4 f5 33. Rf4 $18 Ne2 34. Rxf5
Rd2 35. Rf8+ (35. Rxh5 {creating an outside passed pawn is simpler}) 35... Kd7
36. Rf7+ Ke6 37. Rcxc7 Rxb2 38. a4 Nd4 39. Rxb7 Ra2 40. Rfe7+ Kd6 41. Red7+ Kc6
42. Rbc7+ Kb6 43. Rc1 Rxa4 {maybe there is hope for Bl to run his a pawn to Q?}
44. Rb1+ Nb5 45. Rd6+ Kc5 46. Rh6 Ra3 47. Rxh5+ Kd4 (47... Kc4 48. Rg5 {
still wins the g pawn}) 48. Rb4+ Kc3 49. Rxg4 Nd4 50. Rf4 (50. Rc5+ Kb4 (50...
Kd3 51. Rd5 Ra4 52. h5 Kc3 53. Rgxd4 Rxd4 54. Rxd4 Kxd4 55. h6 {and the h pawn
is much faster than the Bl K or a pawn}) 51. Rd5) 50... a5 51. Rd5 Ra4 52. h5
Rc4 53. h6 (53. Rdxd4) 53... Rc6 54. h7 Rh6+ 55. Rh4 Ra6 56. h8=Q {( the last
few moves are a reconstruction from the scoresheets)} 1-0

[Event "Welsh Seniors Ch"]
[Site "?"]
[Date "2018.09.30"]
[Round "4"]
[White "James, Dai"]
[Black "Waterfield, John"]
[Result "1/2-1/2"]
[WhiteElo "1826"]
[BlackElo "1923"]
[Annotator "kemen"]
[PlyCount "25"]
[EventDate "2018.10.03"]

1. e4 c5 2. Nc3 Nc6 3. g3 g6 4. Bg2 Bg7 5. f4 d6 6. Nf3 e6 {main} (6... Nf6 {
would transpose to James-Davis, rd3, 1-0}) 7. O-O Nge7 8. h3 (8. d3 {main, but
game will soon transpose}) 8... O-O 9. g4 f5 10. d3 (10. exf5 exf5 11. g5 Be6
$15 {Szczepkowska-Lacau Rodean, EU ch U14 girls, Chalkidiki 2001,1-0} (11... d5
12. d3 b6 $11 {0-2} (12... d4 13. Ne2 Nd5 14. h4 Re8 15. h5 Qd6 $17 {
Manne-Rendboe, Capelle la Grande op 2014,0-1}))) 10... b6 (10... Rb8 {main}) (
10... Nd4) 11. Qe1 (11. Ne2) 11... d5 (11... Qd7 $15 {0-3 eg} 12. Qh4 Bb7 13.
Kh2 Nd4 14. Rf2 Nec6 15. Nd1 Ne7 16. c3 Nxf3+ 17. Bxf3 Rac8 18. Rg2 c4 $19 {
Kreuz-Melo, Pan_American ch tm , Cascavel 1996,0-1}) 12. gxf5 $11 {Houdini4 in
2016} (12. e5 $11 {Komodo12}) 12... d4 {Houdini4} (12... gxf5 13. e5 $11 Nb4
14. Qf2 d4 15. Nb5 Bd7 16. Nd6 Bc6 17. a3 Nbd5 18. Bd2 Ng6 19. Ng5 Qd7 20. Bxd5
Bxd5 21. Rae1 h6 22. Nf3 Kh7 23. Kh2 Rg8 24. h4 Bxf3 25. Qxf3 Nxh4 26. Qh5 Bf6
27. Nf7 Rg4 28. exf6 Qd5 29. Re2 Rg2+ 30. Kh3 {Ringel-Bujnoch, CZE ch tm 2016,
1-0}) 13. Ne2 {(draw?)} (13. f6 Rxf6 14. e5 Rf8 15. Ne4 Nd5 $11 {Komodo12}) (
13. fxg6 dxc3 14. gxh7+ Kxh7 (14... Kh8 15. bxc3 $14) 15. Ng5+ Kg8 16. bxc3 Qe8
17. Be3 Qh5 18. Bf3 Qh8 19. Qg3 $11 {Komodo12}) (13. Ne2 exf5 14. e5 Be6 15.
Ng5 Bd5 $11 {John, pm analysis} 16. Qh4 h6 17. Nf3 Nb4 18. Ne1 Bxg2 19. Kxg2
Nbd5 $15) 1/2-1/2

[Event "Welsh Seniors Ch"]
[Site "?"]
[Date "2018.09.30"]
[Round "4"]
[White "Davis, Lee"]
[Black "Bevan, Peter"]
[Result "1-0"]
[WhiteElo "1960"]
[BlackElo "1886"]
[Annotator "kemen"]
[PlyCount "41"]
[EventDate "2018.10.03"]

1. d4 Nf6 2. g3 e6 3. Bg2 d5 4. Nf3 Be7 5. O-O O-O 6. c4 b6 {considered a bit
suspect or ignored by most books on the Catalan} (6... dxc4) (6... c6) (6...
Nbd7 {main, this last then often includes a later b6}) 7. Nc3 (7. cxd5) (7. Ne5
{alternative strategies}) 7... Bb7 8. cxd5 {60.9 % for Wh} (8. Ne5 {main- 65.7
% for Wh; exploiting the fact that Black has played d5 too early- Bologan 2012:
12. This position could also have arisen from an initial Queen's Indian/}) 8...
Nxd5 {Cloud Engines} (8... exd5 {main}) 9. Ne5 (9. Nxd5) (9. Qc2) (9. Re1) (9.
Bd2 {are all more frequent choices here}) 9... Nxc3 10. bxc3 Bxg2 11. Kxg2 $11
{but there are some Q side holes in Bl's position} Qd5+ (11... c5 {most
frequent has lead to 68.8% for Wh}) (11... Nc6 12. Nxc6 Qd5+ $11 {Komodo12 & 2
drawn games}) 12. f3 c5 13. e4 $14 (13. Qb3 Qb7 14. Qa4 Rc8 15. e4 cxd4 16.
cxd4 Nc6 17. Ng4 b5 18. Rb1 Rab8 19. Qd1 Rd8 20. Bb2 Na5 (20... Bc5 $17) 21.
Qe2 Nc4 22. Ba1 Rbc8 $15 {Zsiros-Czegledi, HUN ch tm 1996,0-1}) 13... Qb7 14.
Be3 (14. Qa4 $11 {Deep Fritz14}) (14. d5 $14 {Komodo12}) 14... cxd4 15. cxd4
Rd8 16. Qa4 $14 (16. Rc1 $16 {both Engines; Bl has trouble developing his Q
side} Nd7 17. Nc6 Re8 18. Qd3 $16) 16... f6 $6 {a move weakening the K
structure} (16... b5 {both Engines} 17. Rab1 a6 18. Rfc1 Nd7 19. Nd3 $11) 17.
Nd3 $16 Qd7 (17... Nc6 18. Nf4 b5 {both Engines, but while Deep Fritz gives it
as more less level, Komodo12 sees a definite Wh advantage} 19. Qb3 Nxd4 20.
Bxd4 Rxd4 21. Qxe6+ Kh8 22. Rad1 Rdd8 (22... Rad8 23. Rxd4 Rxd4 24. Qf7 $18)
23. Rd5 $16 {and Bl is weak in every sector of the board}) 18. Qb3 Nc6 (18...
g5 {both Engines- Deep Fritz14 again near equality} 19. f4 $16 {Komodo12}) 19.
Nf4 Nxd4 $2 {suicide} (19... Rdc8 {both Engines; Komodo12 again rating Wh's
position more favourably than Deep Fritz14}) 20. Bxd4 Qxd4 21. Nxe6 $18 1-0

[Event "Welsh Seniors Ch"]
[Site "?"]
[Date "2018.09.30"]
[Round "4"]
[White "Greatorex, Roger"]
[Black "Thomas, Roy"]
[Result "0-1"]
[WhiteElo "1736"]
[BlackElo "1719"]
[Annotator "kemen"]
[PlyCount "62"]
[EventDate "2018.10.03"]

1. Nf3 f5 2. h3 b6 $146 (2... Nf6) (2... d6) 3. g4 Bb7 4. d4 e6 5. Nc3 Nf6 6.
Rg1 (6. gxf5 exf5 7. Rg1 $11) 6... Ne4 (6... fxg4 7. hxg4 Bb4 8. g5 Ne4 9. Qd3
O-O $11 {Komodo12}) 7. Nxe4 (7. gxf5 {is consisent with opening up the g file
for the R} exf5 8. Qd3 $14) 7... fxe4 $17 8. Ne5 d6 9. Nc4 Nd7 {the Bl pieces
co-ordinate better} 10. Bf4 Qh4 {a little risky} (10... d5 11. Ne5 Bd6 $15 {
Komodo12}) (10... g5 11. Bg3 Bg7 $15 {Komodo12}) 11. Qd2 Be7 12. g5 (12. Bg3
Qf6 13. O-O-O O-O 14. Kb1 $11 {Komodo121}) 12... O-O-O (12... O-O {also looks
safe enough}) 13. a4 Rhf8 14. Rg4 Qh5 15. Qc3 Kb8 (15... e5 16. dxe5 dxe5 17.
Be3 (17. Nxe5 Rxf4 18. Rxf4 Bxg5 19. e3 Bxf4 20. exf4 Nxe5 21. Qxe5 Qxe5 22.
fxe5 Re8 $15) (17. Bxe5 Nxe5 18. Nxe5 Bxg5 $19 {the Wh K is stuck in the centre
}) 17... a5 18. O-O-O Bb4 $17 {Komodo12}) 16. a5 $11 Rxf4 $5 {trading on Wh's
lack of development} (16... e5) 17. Rxf4 Qxg5 $11 (17... Bxg5 18. Rg4 Rf8 $11)
18. Rg4 Qf6 19. axb6 cxb6 (19... axb6 {also has its points}) 20. e3 e5 (20...
d5) 21. dxe5 dxe5 (21... Nxe5 22. Nxe5 dxe5 23. Rd1 $11 {Komodo12}) 22. O-O-O
g6 23. Rg2 Qe6 24. Rh2 {Wh is just on the defensive} (24. Be2 {The Wh pieces
must become active , even at the cost of the odd pawn} Qxh3 (24... Ba6 25. b3
Qc6 26. Bg4 $16) 25. Rgg1 Qe6 26. Bg4 $18) 24... b5 $5 (24... Bd5 25. h4 Bf6
26. Bh3 Qc6 27. Bxd7 Qxd7 28. f4 exf3 29. e4 Qg4 30. exd5 Qf4+ 31. Rhd2 Rc8 32.
b3 e4 33. Qe3 $16 {Komodo12}) 25. Na5 Qa2 26. Nb3 $2 {another retreat} (26. b4
Qa4 27. Nxb7 Kxb7 28. Qb3 Qxb3 29. cxb3 a6 $11 {Komodo12}) (26. Nxb7 Kxb7 27.
b4 $11) 26... Rc8 $19 {the B3 N will be lost & the remaining Wh pieces will
have trouble protecting their K} 27. Rxd7 Rxc3 28. bxc3 Ba3+ (28... Bc6) 29.
Kd2 b4 30. cxb4 Bxb4+ 31. Kd1 (31. Kc1 Ba3+ 32. Kd2 Qb1 33. Bc4 Qg1) 31... Qb1+
(31... Qb1+ 32. Nc1 (32. Ke2 Qe1#) 32... Ba3 33. Bb5 Qxc1+ 34. Ke2 Bb4 {
and the K is still in trouble, with the Wh pieces standing around elsewhere.})
0-1

[Event "Welsh Seniors Ch"]
[Site "?"]
[Date "2018.09.30"]
[Round "4"]
[White "Williams, David J"]
[Black "Hurn, Robert"]
[Result "1/2-1/2"]
[WhiteElo "1517"]
[BlackElo "1608"]
[Annotator "kemen"]
[PlyCount "130"]
[EventDate "2018.10.03"]

1. e4 c5 2. Nf3 d6 3. Bb5+ Bd7 4. Bxd7+ Qxd7 5. Qe2 (5. O-O {main} Nf6 6. e5 {
Van Kemenade-Hurn, S Wales Open 2007,1-0; S Wales International 2009,1-0} (6.
Re1 e6 7. c3 Be7 8. d4 O-O {Van Kemenade-Hurn, Welsh Seniors 2017,1-0})) 5...
Nc6 6. c3 Nf6 (6... g6) 7. O-O e6 8. d4 {a little early but transposes back to
the mainstream} Be7 (8... cxd4 9. cxd4 d5 10. e5 Ne4 11. Be3 {main GM practice}
) 9. dxc5 (9. Rd1 {main}) 9... dxc5 10. Rd1 Qc7 11. Bg5 {Wh is aiming to play
on the Wh squares & seeks to leave Bl with a bad B} O-O (11... h6 12. Bh4 Nh5
13. Bxe7 Nf4 14. Qb5 Qxe7 15. g3 Ng6 16. Na3 O-O 17. Nc4 Qf6 18. Kg2 Nce5 19.
Ncxe5 Nxe5 20. Nxe5 Qxe5 21. f3 f5 {Van Houtte-Kool, OHRA op, Brussels 1987,1/
2-1/2}) 12. Na3 {Komodo12} (12. Nbd2 h6 (12... Rad8 13. a4 Nd7 14. Bxe7 Nxe7
15. Nc4 Nb6 16. Nxb6 Qxb6 17. Qb5 Qc6 18. Ne5 Qc7 19. Nc4 h6 {Fish-Ryskin,
Bratislava op, 1993,1/2-1/2}) 13. Bh4 Rfd8 14. Bg3 Qb6 15. Nb3 (15. Nc4) 15...
a5 16. a4 $2 {Chebridon-Mestdagh, La Fere op 2004,0-1}) 12... a6 13. Nc2 (13.
Nc4 b5 14. e5 Nd5 15. Bxe7 Qxe7 16. Ne3 $11 {Komodo12}) 13... Rfd8 14. h3 Rxd1+
15. Rxd1 Rd8 16. Bxf6 Bxf6 17. Rxd8+ Qxd8 18. Ne3 Ne5 19. Nxe5 Bxe5 $11 20. Nc4
(20. g3) 20... Bc7 21. Qd2 Qxd2 22. Nxd2 b5 23. c4 {fixing the pawn on c5 , to
help obstruct the B} (23. Kf1 c4 24. Ke2 Kf8 $11) 23... Kf8 {Bl brings the K up
} (23... Be5 {Komodo12} 24. cxb5 axb5 25. b3 Bc3 26. Nb1 Bb4 27. Kf1 Kf8 28.
Ke2 Ke7 29. Kd3 Kd6 30. Nc3 Kc6 31. a4 $14) 24. b3 Ke7 25. Kf1 Kf6 26. cxb5 (
26. Ke2) 26... axb5 27. a4 {a postional error. Pawn breaks should wait - the
priority is to place the Ks inthe best possible position in an ending} (27. Ke2
Ke5 (27... b4 $2 {gives Wh a superb post for the K on c4}) 28. Ke3 Kd6 29. f4
f6 30. Kd3 Kc6 31. g3 Ba5 32. a4 {still has tactical problems} (32. Nf3 Bb4 33.
g4 {to try & create a weakness on a second front , gives better chances-
keeping the pawn break in hand if the Bl pieces move to the K side in defence})
32... c4+ 33. bxc4 bxa4 {and it is Bl who has the outside passed pawn.}) 27...
bxa4 (27... c4 $1 {and very nearly a tactical one as well} 28. Ke2 (28. bxc4 $2
bxa4 $19) (28. axb5 $2 c3 $19) 28... cxb3 29. axb5 b2 30. Kd3 Ba5 31. Nb1 Ke5
32. Na3 Kf4 33. Kc2 Kxe4 34. Nc4 (34. Kxb2 Kd4 35. Kb3 Kc5 $15 {Bl will win
the b pawn , leaving him with an extra one on the K side})) 28. bxa4 Ke5 {
Bl's active K very nearly wins for him} 29. Ke2 Kd4 30. a5 c4 31. a6 Bb6 32. f3
(32. Nf3+ Kxe4 33. Ng5+ Kd5 34. Nxf7 e5 35. f3 $11 {Komodo12}) 32... Kc3 33.
Kd1 (33. e5 Kd4 34. f4 c3 35. Nf3+ Kc4 36. Kd1 Kb3 37. Ne1 h6 38. Nc2 $11 {
Komodo12}) (33. Nb1+ Kb3 34. Nd2+ Kb4 35. Nb1 Bd4 36. Kd1 g6 37. Kc2 e5 38. Nc3
$11 {Komodo12}) 33... Kd3 $19 {Wh has not only not put his K into the centre,
but even retreated it} 34. Nf1 (34. Ke1 c3 35. Nb3 Kc2 36. Na1+ Kb2 $19) (34.
Nb1 Bc5 35. Na3 Bxa3 $1 36. a7 c3 37. a8=Q c2+ 38. Ke1 c1=Q+ 39. Kf2 Bc5+ 40.
Kg3 Bd6+ 41. Kf2 Qe3+ 42. Kf1 Qe2+ 43. Kg1 Qe1#) 34... c3 35. Kc1 g6 {Black is
trying to run Wh out of pawn moves, but the correct way is to use the B, which,
unlike the N, can lose moves while still controlling the same squares} (35...
Bc5 $1 $19 {Zugzwang} 36. Nd2 (36. g4 Ba3+ 37. Kd1 c2+ 38. Ke1 Bc5 $1 39. Ne3
Bxe3 40. Kf1 c1=Q+ 41. Kg2 Qg1#) (36. Kb1 c2+ 37. Kb2 Ba3+ 38. Kxa3 c1=Q+ 39.
Kb4 Qc4+ 40. Ka5 Qc5+ 41. Ka4 Kc3 42. a7 Qb4#) 36... c2 37. Nc4 Kc3 38. a7 Bxa7
{and the B keeps moving up & down, while Wh runs out of pawn moves.}) 36. h4 h5
(36... Bc5) (36... c2 {both mating soon}) 37. g4 hxg4 (37... Bc5) 38. fxg4 Kxe4
{worrying about letting the h pawn run through. But the Bl threats are still
more powerful} (38... Bc5 $1 39. h5 Ba3+ 40. Kd1 c2+ 41. Ke1 Bc5 {and Wh gets
mated long before the h pawn gets anywhere.}) 39. h5 $2 (39. Kc2 $11) 39...
gxh5 (39... Kd3 $1 {and the c pawn gets through as before}) 40. gxh5 Kf5 (40...
Kd3 $1 41. h6 Bc7 $1 $19 {Komodo12} (41... Bc5 42. h7 Ba3+ 43. Kb1 c2+ 44. Ka2
c1=Q 45. h8=Q {is merely = after} Qc4+ 46. Kxa3 Qxa6+ 47. Kb2 Qb5+ 48. Ka3 Qc5+
49. Ka4 Qd4+ 50. Qxd4+ Kxd4 51. Kb3 $11) 42. h7 Bf4+ 43. Kb1 c2+ 44. Ka2 Be5 $1
$19 {Komodo12}) 41. Kc2 Kg5 42. Ng3 (42. Kxc3 Kxh5 43. Nd2 $11 {the B is
unable to control the wh squares , on one of which the N helped by the K will
sacrifice itself for the last 2 bl pawns. Lomonosov tablebases agree with this.
}) 42... f5 43. Kxc3 f4 44. Ne4+ Kxh5 45. Kd3 Kg4 46. Ke2 (46. Nd6 f3 47. Nc4
Kh3 48. Ke4 f2 49. Nd2 Kg2 50. Ke5 Bc5 51. Kxe6 $11) 46... e5 47. Kf1 (47. Nf2+
Kg3 48. Ne4+ Kg2 49. Kd3 f3 50. Kc4 $11) 47... Kf3 48. Nd6 (48. Nd2+ Kg3 49.
Nc4 $11 {is simpler}) 48... e4 49. Nc8 Bd4 50. a7 Bxa7 51. Nxa7 $11 {still
drawn, as the N can get back in time} e3 52. Nb5 Ke4 53. Nd6+ (53. Nc3+ {
is easier to play}) 53... Kd3 54. Ke1 $2 (54. Nf5 Kd2 (54... f3 55. Nxe3 Kxe3
56. Ke1 f2+ 57. Kf1 Kf3 $11) 55. Nh4 e2+ 56. Kg2 $11) 54... f3 $19 55. Nf5 f2+
56. Kf1 Kd2 $2 (56... e2+ $1 57. Kxf2 Kd2 $19 {forces through a Q}) 57. Ng3 (
57. Nd4 {also holds}) 57... Kd1 58. Ne2 {now there is no way through for Bl,
provided Wh doesn't move the K away from f1, or the N to some distant land} Kd2
59. Ng3 Kd3 60. Ne2 Ke4 61. Ng3+ Kf3 62. Ne2 Kg4 63. Nc3 Kg3 64. Ne2+ (64. Nd1
Kf3 65. Nxf2 exf2 {stalemate, alternative}) 64... Kh2 65. Nf4 Kh1 {(draw?)}
1/2-1/2